Techniques in teaching writing

Bibliographic Details
Main Author: Raimes, Ann , 1938- (Author)
Format: Book
Published: Oxford : Oxford University Press , 1983
Series:Teaching techniques in English as a second foreign language
Subjects:

MARC

LEADER 00000cam a2200000 7i4500
001 0000025321
005 20190211093000.0
008 021119n
020 |a 0194341313 
090 0 0 |a PE1128.A2   |b R245 
100 0 |a Raimes, Ann ,   |d 1938- ,   |e author 
245 0 0 |a Techniques in teaching writing   |c Ann Raimes 
260 2 |a Oxford :   |b Oxford University Press ,   |c 1983 
300 |a 164 p. ; ;   |c 23 cm. 
440 0 0 |a Teaching techniques in English as a second foreign language 
504 |a Bibliography : p. 160-162 
650 0 |a English language   |x Study and teaching   |x Foreign speakers 
999 |a 1000035078   |b Book   |c OPEN SHELF (30 DAYS)   |e Gong Badak Campus 
999 |a 1000035079   |b Book   |c OPEN SHELF (30 DAYS)   |e Gong Badak Campus